Node.js Guidebook (Record no. 13972)
[ view plain ]
| 000 -LEADER | |
|---|---|
| fixed length control field | 00395nam a22001697a 4500 |
| 003 - CONTROL NUMBER IDENTIFIER | |
| control field | OSt |
| 008 - FIXED-LENGTH DATA ELEMENTS--GENERAL INFORMATION | |
| fixed length control field | 260519b |||||||| |||| 00| 0 eng d |
| 020 ## - INTERNATIONAL STANDARD BOOK NUMBER | |
| International Standard Book Number | 9789387284432 |
| 082 ## - DEWEY DECIMAL CLASSIFICATION NUMBER | |
| Classification number | 005.133 SHN |
| 100 ## - MAIN ENTRY--PERSONAL NAME | |
| Personal name | SHAH,Dhruti |
| 245 ## - TITLE STATEMENT | |
| Title | Node.js Guidebook |
| 250 ## - EDITION STATEMENT | |
| Edition statement | 1st Ed Rep |
| 260 ## - PUBLICATION, DISTRIBUTION, ETC. (IMPRINT) | |
| Place of publication, distribution, etc | New Delhi |
| Name of publisher, distributor, etc | BPB Publication |
| Date of publication, distribution, etc | 2025 |
| 300 ## - PHYSICAL DESCRIPTION | |
| Extent | 270p. |
| 942 ## - ADDED ENTRY ELEMENTS (KOHA) | |
| Source of classification or shelving scheme | Dewey Decimal Classification |
| Koha item type | Text Books |
| Withdrawn status | Lost status | Source of classification or shelving scheme | Damaged status | Not for loan | Collection code | Home library | Current library | Date acquired | Source of acquisition | Currency | Cost, normal purchase price | Bill Number | Total Checkouts | Full call number | Acc. no. / Barcode | Date last seen | Actual Cost, discounted price | Bill Date | Koha item type |
|---|---|---|---|---|---|---|---|---|---|---|---|---|---|---|---|---|---|---|---|
| Dewey Decimal Classification | BCA in Cloud Technology and Information Security | PIET C-LIBRARY | PIET C-LIBRARY | 13/05/2026 | Zafaa Books and Distributors | INR | 499.00 | ZBD2026-27-0043 | 005.133 SHN | BC2727 | 19/05/2026 | 364.27 | 13/05/2026 | Reference Books | |||||
| Dewey Decimal Classification | BCA in Cloud Technology and Information Security | PIET C-LIBRARY | PIET C-LIBRARY | 13/05/2026 | Zafaa Books and Distributors | INR | 499.00 | ZBD2026-27-0043 | 005.133 SHN | BC2728 | 19/05/2026 | 364.27 | 13/05/2026 | Text Books | |||||
| Dewey Decimal Classification | BCA in Cloud Technology and Information Security | PIET C-LIBRARY | PIET C-LIBRARY | 13/05/2026 | Zafaa Books and Distributors | INR | 499.00 | ZBD2026-27-0043 | 005.133 SHN | BC2729 | 19/05/2026 | 364.27 | 13/05/2026 | Text Books | |||||
| Dewey Decimal Classification | BCA in Cloud Technology and Information Security | PIET C-LIBRARY | PIET C-LIBRARY | 13/05/2026 | Zafaa Books and Distributors | INR | 499.00 | ZBD2026-27-0043 | 005.133 SHN | BC2730 | 19/05/2026 | 364.27 | 13/05/2026 | Text Books | |||||
| Dewey Decimal Classification | BCA in Cloud Technology and Information Security | PIET C-LIBRARY | PIET C-LIBRARY | 13/05/2026 | Zafaa Books and Distributors | INR | 499.00 | ZBD2026-27-0043 | 005.133 SHN | BC2731 | 19/05/2026 | 364.27 | 13/05/2026 | Text Books |